Vybrané texty, pojmy a cvičení ke studiu sociologie a sociální psychologie /

Hlavní autor: Urbanová, Martina, 1962-
Korporativní autor: Mendelova univerzita. Provozně ekonomická fakulta
Jazyk: Čeština
Vydáno: V Brně : Mendelova univerzita, 2013
Vydání: Vyd. 1.
Témata:
Fyzický popis: 224 s. : il. (převážně barev.), portréty ; 30 cm
Knihy
Uloženo v:
LEADER 02088nam a2200505 a 4500
001 nkc20132462393
003 CZ PrNK
005 20130710154810.0
007 ta
008 130506s2013 xr ac e p 000 0 cze
015 |a cnb002462393 
020 |a 978-80-7375-719-9  |q (brož.) 
035 |a (OCoLC)847728756 
040 |a BOA001  |b cze  |d ABA001 
072 7 |a 316  |x Sociologie  |2 Konspekt  |9 18 
072 7 |a 37.016  |x Učební osnovy. Vyučovací předměty. Učebnice  |2 Konspekt  |9 22 
080 |a 316  |2 MRF 
080 |a 316.6  |2 MRF 
080 |a (075.8)  |2 MRF 
080 |a (076.5)  |2 MRF 
100 1 |a Urbanová, Martina,  |d 1962-  |7 mzk2003217628  |4 aut 
245 1 0 |a Vybrané texty, pojmy a cvičení ke studiu sociologie a sociální psychologie /  |c Martina Urbanová a kol. 
250 |a Vyd. 1. 
260 |a V Brně :  |b Mendelova univerzita,  |c 2013 
300 |a 224 s. :  |b il. (převážně barev.), portréty ;  |c 30 cm 
500 |a Na obálce nad názvem: Provozně ekonomická fakulta 
500 |a 530 výt. 
504 |a Obsahuje bibliografii a bibliografické odkazy 
650 0 7 |a sociologie  |7 ph116198  |2 czenas 
650 0 7 |a sociální psychologie  |7 ph116212  |2 czenas 
650 0 9 |a sociology  |2 eczenas 
650 0 9 |a social psychology  |2 eczenas 
655 7 |a učebnice vysokých škol  |7 fd133772  |2 czenas 
655 7 |a praktická cvičení  |7 fd133118  |2 czenas 
655 9 |a textbooks (higher)  |2 eczenas 
655 9 |a problems, exercises, etc  |2 eczenas 
710 2 |a Mendelova univerzita.  |b Provozně ekonomická fakulta  |7 kn20100419009 
910 2 |a BOA001  |b 4-1304.599 
990 |a BK 
995 |a 01 
991 |b 201306  |c NOV  |e n 
996 6 |b 2610548526  |c 4-1304.599  |l MZK  |r Sklad / do 1 hodiny  |n 3  |p p.v.  |w 001326138  |u 000010  |a 1  |e BOA001  |j MZK50  |s P 
996 7 |b 2610548527  |c 4-1304.599  |l MZK  |r Sklad / do 1 hodiny  |n 18  |p p.v.  |w 001326138  |u 000020  |a 1  |e BOA001  |j MZK50  |s A 
996 7 |b 2610550329  |c 4-1304.599  |l MZK  |r Sklad / do 1 hodiny  |n 10  |p kup  |w 001326138  |u 000030  |a 1  |e BOA001  |j MZK50  |s A 
996 7 |b 2610550330  |c 4-1304.599  |l MZK  |r Sklad / do 1 hodiny  |n 13  |p kup  |w 001326138  |u 000040  |a 1  |e BOA001  |j MZK50  |s A